[Event "European Online Club-ch-A 2021"]
[Site "Online"]
[Date "2021.03.27"]
[Round "3.14"]
[White "Durak, Can"]
[Black "Agopov, Mikael"]
[Result "0-1"]
[WhiteElo "2187"]
[BlackElo "2427"]
[Annotator "NA"]
[PlyCount "100"]
[EventDate "2021.03.27"]
[EventType "team-tourn"]
[EventCountry "NET"]
[SourceTitle "playchess.com"]
[Source "ChessBase"]
[SourceQuality "1"]
[TimeControl "900+5"]

1. d4 {[%emt 0:00:00]} Nf6 {[%emt 0:00:03]} 2. c4 {[%emt 0:00:02]} e6 {[%emt 0:00:01]} 3. Nc3 {[%emt 0:00:03]} Bb4 {[%emt 0:00:02]} 4. e3 {[%emt 0:00:03]} O-O {[%emt 0:00:03]} 5. Bd2 {[%emt 0:00:01]} b6 {[%emt 0:00:11]} 6. Nf3 {[%emt 0:00:04]} Bb7 {[%emt 0:00:03]} 7. Rc1 {[%emt 0:00:02]} d5 {[%emt 0:00:04]} 8. cxd5 {[%emt 0:00:02]} exd5 {[%emt 0:00:02]} 9. Be2 {[%emt 0:00:01]} a6 {[%emt 0:00:09]} 10. O-O {[%emt 0:00:03]} Nbd7 {[%emt 0:00:09]} 11. Ne5 {[%emt 0:00:02]} Nxe5 {[%emt 0:01:24]} 12. dxe5 {[%emt 0:00:03]} Nd7 {[%emt 0:00:02]} 13. Nxd5 {[%emt 0:00:05]} Bxd2 {[%emt 0:00:08]} 14. Qxd2 {[%emt 0:00:02]} Nxe5 {[%emt 0:00:02]} 15. Rfd1 {[%emt 0:00:02]} c5 {[%emt 0:02:17]} 16. Qc3 {[%emt 0:00:14]} Ng6 {[%emt 0:00:11]} 17. Bf3 {[%emt 0:00:28]} Ra7 {[%emt 0:00:29]} 18. Nf4 {[%emt 0:01:08]} Qe7 {[%emt 0:03:08]} 19. Bxb7 {[%emt 0:01:36]} Rxb7 {[%emt 0:00:15]} 20. Nh5 {[%emt 0:01:48]} Qe5 {[%emt 0:00:17]} 21. Rd5 {[%emt 0:00:25]} Qxc3 {[%emt 0:00:23]} 22. bxc3 {[%emt 0:00:32]} Ne7 {[%emt 0:01:39]} 23. Rd2 {[%emt 0:00:03]} g6 {[%emt 0:00:08]} 24. Nf4 {[%emt 0:00:03]} b5 {[%emt 0:00:26]} 25. Rd6 {[%emt 0:01:32]} Ra8 {[%emt 0:00:07]} 26. Nd3 {[%emt 0:00:46]} Rc7 {[%emt 0:01:06]} 27. g3 {[%emt 0:00:42]} Kg7 {[%emt 0:01:08]} 28. Kg2 {[%emt 0:00:59]} Nc8 {[%emt 0:00:41]} 29. Rd5 {[%emt 0:01:02]} c4 {[%emt 0:00:05]} 30. Nb4 {[%emt 0:00:03]} Ne7 {[%emt 0:00:46]} 31. Rd6 {[%emt 0:00:34]} a5 {[%emt 0:00:03]} 32. Nc2 {[%emt 0:00:02]} Rb8 {[%emt 0:00:11]} 33. Rb1 {[%emt 0:00:11]} Rc5 {[%emt 0:00:38]} 34. Ra6 {[%emt 0:00:07]} b4 {[%emt 0:00:57]} 35. cxb4 {[%emt 0:00:03]} axb4 {[%emt 0:00:02]} 36. Rxb4 {[%emt 0:00:21]} Rd8 {[%emt 0:00:02]} 37. Raa4 {[%emt 0:00:20]} Rd2 {[%emt 0:00:04]} 38. Na3 {[%emt 0:03:44]} Rf5 {[%emt 0:00:26]} 39. Nxc4 {[%emt 0:00:16]} Rdxf2+ {[%emt 0:00:10]} 40. Kg1 {[%emt 0:00:03]} Rf1+ {[%emt 0:00:02]} 41. Kg2 {[%emt 0:00:02]} R5f2+ {[%emt 0:00:02]} 42. Kh3 {[%emt 0:00:02]} Rh1 {[%emt 0:00:01]} 43. g4 {[%emt 0:00:21]} Rhxh2+ {[%emt 0:00:08]} 44. Kg3 {[%emt 0:00:01]} Nd5 {[%emt 0:00:07]} 45. Rb3 {[%emt 0:00:14]} Nf6 {[%emt 0:00:04]} 46. Nd6 {[%emt 0:00:11]} h5 {[%emt 0:00:09]} 47. gxh5 {[%emt 0:00:15]} Nxh5+ {[%emt 0:00:02]} 48. Kg4 {[%emt 0:00:02]} Rhg2+ {[%emt 0:00:04]} 49. Kh3 {[%emt 0:00:02]} Rg3+ {[%emt 0:00:01]} 50. Kh4 {[%emt 0:00:02]} Rh2# {[%emt 0:00:02]} 0-1

[Event "European Online Club-ch-A 2021"]
[Site "Online"]
[Date "2021.03.27"]
[Round "3.15"]
[White "Wintzer, Joachim"]
[Black "Emir, Doruk"]
[Result "1-0"]
[WhiteElo "2274"]
[BlackElo "1852"]
[Annotator "NA"]
[PlyCount "105"]
[EventDate "2021.03.27"]
[EventType "team-tourn"]
[EventCountry "NET"]
[SourceTitle "playchess.com"]
[Source "ChessBase"]
[SourceQuality "1"]
[TimeControl "900+5"]

1. d4 {[%emt 0:00:00]} d5 {[%emt 0:00:11]} 2. c4 {[%emt 0:00:07]} dxc4 {[%emt 0:00:04]} 3. e3 {[%emt 0:00:04]} Nf6 {[%emt 0:00:08]} 4. Bxc4 {[%emt 0:00:04]} e6 {[%emt 0:00:01]} 5. Nf3 {[%emt 0:00:03]} c5 {[%emt 0:00:13]} 6. O-O {[%emt 0:00:04]} cxd4 {[%emt 0:00:11]} 7. exd4 {[%emt 0:00:17]} Be7 {[%emt 0:00:27]} 8. Qe2 {[%emt 0:00:54]} O-O {[%emt 0:00:11]} 9. Nc3 {[%emt 0:00:32]} b6 {[%emt 0:02:12]} 10. Bg5 {[%emt 0:00:34]} Bb7 {[%emt 0:01:33]} 11. Rad1 {[%emt 0:00:07]} Nbd7 {[%emt 0:00:14]} 12. Rfe1 {[%emt 0:00:09]} Kh8 {[%emt 0:00:26]} 13. d5 {[%emt 0:04:14]} b5 {[%emt 0:04:58]} 14. Bxb5 {[%emt 0:01:18]} Nb6 {[%emt 0:00:55]} 15. dxe6 {[%emt 0:00:15]} Qc8 {[%emt 0:00:18]} 16. exf7 {[%emt 0:00:20]} Qg4 {[%emt 0:00:12]} 17. h3 {[%emt 0:01:57]} Qf5 {[%emt 0:01:49]} 18. Bd3 {[%emt 0:01:48]} Qa5 {[%emt 0:00:56]} 19. Qe5 {[%emt 0:00:21]} Qxe5 {[%emt 0:00:28]} 20. Nxe5 {[%emt 0:00:01]} Bd6 {[%emt 0:00:11]} 21. Nb5 {[%emt 0:00:34]} Bb4 {[%emt 0:00:06]} 22. Bd2 {[%emt 0:00:54]} Bxd2 {[%emt 0:00:52]} 23. Rxd2 {[%emt 0:00:01]} Rad8 {[%emt 0:00:01]} 24. Rc2 {[%emt 0:01:02]} Nbd5 {[%emt 0:00:07]} 25. a3 {[%emt 0:00:16]} Nf4 {[%emt 0:00:03]} 26. Bf1 {[%emt 0:00:03]} Ne4 {[%emt 0:00:11]} 27. Rc7 {[%emt 0:00:26]} Ba8 {[%emt 0:00:04]} 28. Rxa7 {[%emt 0:00:14]} Ng5 {[%emt 0:00:10]} 29. Nc7 {[%emt 0:00:18]} Bc6 {[%emt 0:00:05]} 30. Nxc6 {[%emt 0:00:06]} Nfxh3+ {[%emt 0:00:01]} 31. gxh3 {[%emt 0:00:06]} Nf3+ {[%emt 0:00:01]} 32. Kh1 {[%emt 0:00:02]} Nxe1 {[%emt 0:00:01]} 33. Nxd8 {[%emt 0:00:01]} h6 {[%emt 0:00:10]} 34. Nce6 {[%emt 0:00:04]} Rxf7 {[%emt 0:00:07]} 35. Nxf7+ {[%emt 0:00:03]} Kh7 {[%emt 0:00:01]} 36. Ne5 {[%emt 0:00:02]} h5 {[%emt 0:00:03]} 37. Rc7 {[%emt 0:00:05]} Kh6 {[%emt 0:00:03]} 38. Rc1 {[%emt 0:00:02]} h4 {[%emt 0:00:01]} 39. Rxe1 {[%emt 0:00:01]} Kh5 {[%emt 0:00:05]} 40. a4 {[%emt 0:00:03]} g5 {[%emt 0:00:02]} 41. a5 {[%emt 0:00:01]} g4 {[%emt 0:00:01]} 42. hxg4+ {[%emt 0:00:01]} Kh6 {[%emt 0:00:02]} 43. Bh3 {[%emt 0:00:02]} Kh7 {[%emt 0:00:02]} 44. f4 {[%emt 0:00:02]} Kh6 {[%emt 0:00:01]} 45. a6 {[%emt 0:00:02]} Kh7 {[%emt 0:00:02]} 46. a7 {[%emt 0:00:01]} Kh6 {[%emt 0:00:09]} 47. b4 {[%emt 0:00:03]} Kh7 {[%emt 0:00:06]} 48. b5 {[%emt 0:00:01]} Kh6 {[%emt 0:00:02]} 49. b6 {[%emt 0:00:01]} Kh7 {[%emt 0:00:01]} 50. b7 {[%emt 0:00:01]} Kh6 {[%emt 0:00:01]} 51. a8=Q {[%emt 0:00:03]} Kh7 {[%emt 0:00:01]} 52. b8=Q {[%emt 0:00:02]} Kh6 {[%emt 0:00:01]} 53. Qh8# {[%emt 0:00:02]} 1-0

[Event "European Online Club-ch-A 2021"]
[Site "Online"]
[Date "2021.03.27"]
[Round "3.16"]
[White "Tinmaz, Kerem"]
[Black "Noetzel, Felix"]
[Result "1-0"]
[WhiteElo "1614"]
[BlackElo "2263"]
[Annotator "NA"]
[PlyCount "79"]
[EventDate "2021.03.27"]
[EventType "team-tourn"]
[EventCountry "NET"]
[SourceTitle "playchess.com"]
[Source "ChessBase"]
[SourceQuality "1"]
[TimeControl "900+5"]

1. e4 {[%emt 0:00:00]} c5 {[%emt 0:00:03]} 2. Nf3 {[%emt 0:00:23]} Nc6 {[%emt 0:00:02]} 3. Bb5 {[%emt 0:00:06]} g6 {[%emt 0:00:03]} 4. Bxc6 {[%emt 0:00:08]} bxc6 {[%emt 0:00:02]} 5. Nc3 {[%emt 0:00:12]} Bg7 {[%emt 0:00:06]} 6. d3 {[%emt 0:00:02]} Nf6 {[%emt 0:00:25]} 7. Bd2 {[%emt 0:00:13]} O-O {[%emt 0:00:24]} 8. Qc1 {[%emt 0:00:08]} Re8 {[%emt 0:02:17]} 9. Bh6 {[%emt 0:00:22]} Bh8 {[%emt 0:00:02]} 10. h3 {[%emt 0:00:57]} e5 {[%emt 0:01:49]} 11. O-O {[%emt 0:00:24]} d5 {[%emt 0:00:08]} 12. Re1 {[%emt 0:00:31]} Qd6 {[%emt 0:01:03]} 13. Qd2 {[%emt 0:01:40]} Rb8 {[%emt 0:01:01]} 14. b3 {[%emt 0:00:16]} Rb7 {[%emt 0:00:37]} 15. Rad1 {[%emt 0:01:25]} Rbe7 {[%emt 0:00:17]} 16. Na4 {[%emt 0:01:39]} Nd7 {[%emt 0:00:19]} 17. Qc3 {[%emt 0:00:34]} f5 {[%emt 0:03:56]} 18. Bc1 {[%emt 0:00:55]} fxe4 {[%emt 0:00:42]} 19. dxe4 {[%emt 0:00:03]} Rf7 {[%emt 0:00:17]} 20. Ba3 {[%emt 0:01:00]} d4 {[%emt 0:00:12]} 21. Qc4 {[%emt 0:00:34]} Nb6 {[%emt 0:00:11]} 22. Nxb6 {[%emt 0:01:00]} axb6 {[%emt 0:00:02]} 23. Ng5 {[%emt 0:00:19]} Be6 {[%emt 0:00:02]} 24. Nxf7 {[%emt 0:00:25]} Bxf7 {[%emt 0:00:02]} 25. Qa6 {[%emt 0:00:24]} Rb8 {[%emt 0:00:45]} 26. Rd3 {[%emt 0:00:17]} Be6 {[%emt 0:00:03]} 27. Rf3 {[%emt 0:00:18]} Bg7 {[%emt 0:00:20]} 28. Bc1 {[%emt 0:00:18]} Qc7 {[%emt 0:00:20]} 29. Bg5 {[%emt 0:00:28]} h6 {[%emt 0:01:27]} 30. Bf6 {[%emt 0:00:14]} Rf8 {[%emt 0:00:01]} 31. Bxg7 {[%emt 0:00:25]} Kxg7 {[%emt 0:00:00]} 32. Rxf8 {[%emt 0:00:11]} Kxf8 {[%emt 0:00:01]} 33. a4 {[%emt 0:00:27]} Kg7 {[%emt 0:00:07]} 34. a5 {[%emt 0:00:21]} bxa5 {[%emt 0:00:16]} 35. Ra1 {[%emt 0:00:04]} d3 {[%emt 0:00:24]} 36. Qxd3 {[%emt 0:00:07]} Qf7 {[%emt 0:00:05]} 37. Rxa5 {[%emt 0:00:07]} g5 {[%emt 0:00:01]} 38. Rxc5 {[%emt 0:00:05]} Qf4 {[%emt 0:00:04]} 39. Rxc6 {[%emt 0:00:13]} Bf7 {[%emt 0:00:06]} 40. Qe3 {[%emt 0:00:19]} 1-0

[Event "European Online Club-ch-A 2021"]
[Site "Online"]
[Date "2021.03.27"]
[Round "3.17"]
[White "Zavgorodniy, Sergiy"]
[Black "Valdes Escobar, Alvaro"]
[Result "1-0"]
[WhiteElo "2418"]
[BlackElo "2355"]
[Annotator "NA"]
[PlyCount "53"]
[EventDate "2021.03.27"]
[EventType "team-tourn"]
[EventCountry "NET"]
[SourceTitle "playchess.com"]
[Source "ChessBase"]
[SourceQuality "1"]
[TimeControl "900+5"]

1. e4 {[%emt 0:00:00]} c5 {[%emt 0:00:04]} 2. Nf3 {[%emt 0:00:04]} d6 {[%emt 0:00:04]} 3. c3 {[%emt 0:00:04]} Nf6 {[%emt 0:00:03]} 4. Bc4 {[%emt 0:00:05]} Nxe4 {[%emt 0:00:18]} 5. Qa4+ {[%emt 0:00:03]} Nc6 {[%emt 0:00:03]} 6. Bxf7+ {[%emt 0:00:03]} Kxf7 {[%emt 0:00:02]} 7. Qxe4 {[%emt 0:00:02]} d5 {[%emt 0:00:06]} 8. Qf4+ {[%emt 0:00:52]} Kg8 {[%emt 0:00:21]} 9. d4 {[%emt 0:00:39]} cxd4 {[%emt 0:00:19]} 10. cxd4 {[%emt 0:00:05]} e6 {[%emt 0:00:12]} 11. O-O {[%emt 0:02:08]} Bd6 {[%emt 0:00:11]} 12. Qe3 {[%emt 0:00:11]} h6 {[%emt 0:01:00]} 13. Re1 {[%emt 0:00:12]} Bd7 {[%emt 0:01:30]} 14. Nc3 {[%emt 0:00:29]} Rc8 {[%emt 0:02:13]} 15. Bd2 {[%emt 0:00:27]} Qe8 {[%emt 0:01:59]} 16. Ne2 {[%emt 0:01:36]} Qf7 {[%emt 0:01:14]} 17. b4 {[%emt 0:01:23]} Kh7 {[%emt 0:01:11]} 18. Qd3+ {[%emt 0:01:38]} Qg6 {[%emt 0:00:39]} 19. Qxg6+ {[%emt 0:00:03]} Kxg6 {[%emt 0:00:02]} 20. b5 {[%emt 0:00:06]} Ne7 {[%emt 0:00:13]} 21. Bf4 {[%emt 0:00:26]} Bxf4 {[%emt 0:01:17]} 22. Nxf4+ {[%emt 0:00:04]} Kf5 {[%emt 0:03:28]} 23. g3 {[%emt 0:00:04]} g5 {[%emt 0:00:14]} 24. Nh5 {[%emt 0:01:50]} Kg6 {[%emt 0:00:05]} 25. g4 {[%emt 0:00:24]} Kf7 {[%emt 0:00:03]} 26. Ne5+ {[%emt 0:00:06]} Ke8 {[%emt 0:00:02]} 27. Nf6+ {[%emt 0:00:03]} 1-0

[Event "European Online Club-ch-A 2021"]
[Site "Online"]
[Date "2021.03.27"]
[Round "3.18"]
[White "Fitzsimons, David"]
[Black "Vovk, Orest"]
[Result "0-1"]
[WhiteElo "2324"]
[BlackElo "2315"]
[Annotator "NA"]
[PlyCount "100"]
[EventDate "2021.03.27"]
[EventType "team-tourn"]
[EventCountry "NET"]
[SourceTitle "playchess.com"]
[Source "ChessBase"]
[SourceQuality "1"]
[TimeControl "900+5"]

1. e4 {[%emt 0:00:00]} g5 {[%emt 0:00:09]} 2. d4 {[%emt 0:00:04]} h6 {[%emt 0:00:03]} 3. Nc3 {[%emt 0:00:04]} Bg7 {[%emt 0:00:04]} 4. Be3 {[%emt 0:00:02]} d6 {[%emt 0:00:09]} 5. Nge2 {[%emt 0:00:03]} Nf6 {[%emt 0:00:11]} 6. Ng3 {[%emt 0:00:11]} c6 {[%emt 0:00:15]} 7. Be2 {[%emt 0:00:07]} Na6 {[%emt 0:00:38]} 8. h4 {[%emt 0:00:14]} g4 {[%emt 0:00:35]} 9. e5 {[%emt 0:00:33]} dxe5 {[%emt 0:00:43]} 10. dxe5 {[%emt 0:00:03]} Qxd1+ {[%emt 0:00:12]} 11. Rxd1 {[%emt 0:00:02]} Nd5 {[%emt 0:01:00]} 12. Nxd5 {[%emt 0:00:05]} cxd5 {[%emt 0:00:02]} 13. Rxd5 {[%emt 0:00:04]} Nc7 {[%emt 0:01:22]} 14. Rc5 {[%emt 0:00:51]} Ne6 {[%emt 0:01:36]} 15. Ra5 {[%emt 0:00:03]} O-O {[%emt 0:01:46]} 16. Nf5 {[%emt 0:00:37]} b6 {[%emt 0:00:41]} 17. Ra4 {[%emt 0:01:01]} Nc5 {[%emt 0:01:00]} 18. Nxe7+ {[%emt 0:00:19]} Kh8 {[%emt 0:00:03]} 19. Bxc5 {[%emt 0:01:12]} bxc5 {[%emt 0:00:02]} 20. Nxc8 {[%emt 0:00:23]} Raxc8 {[%emt 0:00:29]} 21. Bxg4 {[%emt 0:00:02]} Rb8 {[%emt 0:00:05]} 22. b3 {[%emt 0:00:33]} Bxe5 {[%emt 0:00:07]} 23. Rxa7 {[%emt 0:00:03]} Bc3+ {[%emt 0:00:06]} 24. Kf1 {[%emt 0:00:12]} Rbd8 {[%emt 0:01:01]} 25. g3 {[%emt 0:00:15]} f5 {[%emt 0:00:45]} 26. Be2 {[%emt 0:00:36]} Rd2 {[%emt 0:00:06]} 27. Bd3 {[%emt 0:00:44]} Bd4 {[%emt 0:00:14]} 28. Rh2 {[%emt 0:00:36]} c4 {[%emt 0:00:22]} 29. bxc4 {[%emt 0:00:44]} Bxa7 {[%emt 0:00:19]} 30. Ke1 {[%emt 0:00:01]} Rxd3 {[%emt 0:00:11]} 31. cxd3 {[%emt 0:00:03]} Rd8 {[%emt 0:00:20]} 32. Kd2 {[%emt 0:00:03]} Bd4 {[%emt 0:00:03]} 33. f3 {[%emt 0:00:03]} Ra8 {[%emt 0:00:12]} 34. Kc1 {[%emt 0:00:02]} Ra3 {[%emt 0:00:07]} 35. Rc2 {[%emt 0:00:12]} Rxd3 {[%emt 0:00:20]} 36. c5 {[%emt 0:00:04]} Be5 {[%emt 0:00:16]} 37. g4 {[%emt 0:00:30]} f4 {[%emt 0:00:15]} 38. c6 {[%emt 0:00:12]} Bc7 {[%emt 0:00:02]} 39. a4 {[%emt 0:01:04]} Rxf3 {[%emt 0:00:04]} 40. Re2 {[%emt 0:00:25]} Rc3+ {[%emt 0:00:11]} 41. Rc2 {[%emt 0:00:03]} Rd3 {[%emt 0:00:38]} 42. Rd2 {[%emt 0:00:48]} Ra3 {[%emt 0:00:23]} 43. Rd7 {[%emt 0:00:13]} Rc3+ {[%emt 0:00:05]} 44. Kd2 {[%emt 0:00:09]} Rxc6 {[%emt 0:00:02]} 45. Kd3 {[%emt 0:00:02]} Kg8 {[%emt 0:00:28]} 46. g5 {[%emt 0:00:10]} hxg5 {[%emt 0:00:04]} 47. hxg5 {[%emt 0:00:02]} f3 {[%emt 0:00:27]} 48. g6 {[%emt 0:00:47]} f2 {[%emt 0:00:07]} 49. Rf7 {[%emt 0:00:11]} Bg3 {[%emt 0:00:11]} 50. Rf3 {[%emt 0:00:50]} Rc1 {[%emt 0:00:09]} 0-1

[Event "European Online Club-ch-A 2021"]
[Site "Online"]
[Date "2021.03.27"]
[Round "3.19"]
[White "Babiy, Igor"]
[Black "De Verdier, Michael"]
[Result "1-0"]
[WhiteElo "2241"]
[BlackElo "2291"]
[Annotator "NA"]
[PlyCount "109"]
[EventDate "2021.03.27"]
[EventType "team-tourn"]
[EventCountry "NET"]
[SourceTitle "playchess.com"]
[Source "ChessBase"]
[SourceQuality "1"]
[TimeControl "900+5"]

1. Nf3 {[%emt 0:00:00]} d5 {[%emt 0:00:05]} 2. c4 {[%emt 0:00:04]} e6 {[%emt 0:00:03]} 3. g3 {[%emt 0:00:02]} Nf6 {[%emt 0:00:12]} 4. Bg2 {[%emt 0:00:01]} Be7 {[%emt 0:00:14]} 5. O-O {[%emt 0:00:04]} O-O {[%emt 0:00:02]} 6. d4 {[%emt 0:00:03]} dxc4 {[%emt 0:00:28]} 7. Qc2 {[%emt 0:00:32]} a6 {[%emt 0:00:06]} 8. a4 {[%emt 0:00:03]} Bd7 {[%emt 0:00:19]} 9. Rd1 {[%emt 0:00:22]} Bc6 {[%emt 0:00:16]} 10. Nc3 {[%emt 0:00:02]} Bb4 {[%emt 0:00:49]} 11. Bg5 {[%emt 0:00:18]} Nbd7 {[%emt 0:00:18]} 12. d5 {[%emt 0:01:14]} exd5 {[%emt 0:00:30]} 13. Nxd5 {[%emt 0:00:25]} Be7 {[%emt 0:03:22]} 14. Nxf6+ {[%emt 0:01:04]} Bxf6 {[%emt 0:00:11]} 15. Ne5 {[%emt 0:00:02]} Bxg5 {[%emt 0:02:05]} 16. Bxc6 {[%emt 0:00:21]} bxc6 {[%emt 0:00:53]} 17. Nxd7 {[%emt 0:00:04]} Re8 {[%emt 0:00:09]} 18. Nb6 {[%emt 0:00:02]} cxb6 {[%emt 0:00:13]} 19. Rxd8 {[%emt 0:00:03]} Raxd8 {[%emt 0:00:02]} 20. Qxc4 {[%emt 0:01:10]} Rd2 {[%emt 0:00:16]} 21. e3 {[%emt 0:00:05]} Rxb2 {[%emt 0:00:32]} 22. Rd1 {[%emt 0:00:52]} Bf6 {[%emt 0:00:43]} 23. Qxc6 {[%emt 0:00:06]} Rf8 {[%emt 0:00:12]} 24. Rd7 {[%emt 0:00:22]} a5 {[%emt 0:00:19]} 25. Rb7 {[%emt 0:00:13]} h6 {[%emt 0:00:24]} 26. Rxb6 {[%emt 0:00:32]} Rxb6 {[%emt 0:00:00]} 27. Qxb6 {[%emt 0:00:01]} Bc3 {[%emt 0:00:02]} 28. Qc6 {[%emt 0:00:17]} Bb4 {[%emt 0:00:04]} 29. Kg2 {[%emt 0:00:04]} Rd8 {[%emt 0:00:09]} 30. g4 {[%emt 0:00:19]} g6 {[%emt 0:00:10]} 31. h4 {[%emt 0:00:10]} Rd2 {[%emt 0:00:27]} 32. h5 {[%emt 0:00:11]} Rd6 {[%emt 0:00:16]} 33. Qc8+ {[%emt 0:00:17]} Kg7 {[%emt 0:00:02]} 34. hxg6 {[%emt 0:00:26]} Rxg6 {[%emt 0:00:03]} 35. Kf3 {[%emt 0:00:03]} Rg5 {[%emt 0:00:24]} 36. Ke2 {[%emt 0:00:04]} h5 {[%emt 0:00:43]} 37. gxh5 {[%emt 0:00:18]} Rxh5 {[%emt 0:00:00]} 38. Qg4+ {[%emt 0:00:02]} Kh6 {[%emt 0:00:02]} 39. f4 {[%emt 0:00:02]} Rc5 {[%emt 0:00:36]} 40. f5 {[%emt 0:00:48]} Rc2+ {[%emt 0:01:20]} 41. Kf3 {[%emt 0:00:08]} Rc3 {[%emt 0:00:02]} 42. Qh4+ {[%emt 0:00:19]} Kg7 {[%emt 0:00:02]} 43. Qg5+ {[%emt 0:00:02]} Kf8 {[%emt 0:00:08]} 44. Qd8+ {[%emt 0:01:22]} Kg7 {[%emt 0:00:02]} 45. Qg5+ {[%emt 0:00:01]} Kf8 {[%emt 0:00:02]} 46. Qd8+ {[%emt 0:00:02]} Kg7 {[%emt 0:00:02]} 47. Qd4+ {[%emt 0:00:01]} Kh7 {[%emt 0:00:42]} 48. Kg4 {[%emt 0:01:17]} Rc7 {[%emt 0:00:30]} 49. Kh5 {[%emt 0:02:09]} Rc5 {[%emt 0:00:09]} 50. Qf6 {[%emt 0:00:35]} Rc7 {[%emt 0:00:05]} 51. Qh6+ {[%emt 0:00:19]} Kg8 {[%emt 0:00:01]} 52. Qg5+ {[%emt 0:00:01]} Kh7 {[%emt 0:00:01]} 53. e4 {[%emt 0:00:49]} Re7 {[%emt 0:00:03]} 54. f6 {[%emt 0:00:09]} Rxe4 {[%emt 0:00:18]} 55. Qg7# {[%emt 0:00:03]} 1-0

[Event "European Online Club-ch-A 2021"]
[Site "Online"]
[Date "2021.03.27"]
[Round "3.20"]
[White "Czopor, Maciej"]
[Black "Hulka, Valentyn"]
[Result "1-0"]
[WhiteElo "2239"]
[BlackElo "2089"]
[Annotator "NA"]
[PlyCount "89"]
[EventDate "2021.03.27"]
[EventType "team-tourn"]
[EventCountry "NET"]
[SourceTitle "playchess.com"]
[Source "ChessBase"]
[SourceQuality "1"]
[TimeControl "900+5"]

1. e4 {[%emt 0:00:00]} c5 {[%emt 0:00:02]} 2. Nf3 {[%emt 0:00:03]} d6 {[%emt 0:00:02]} 3. d4 {[%emt 0:00:05]} cxd4 {[%emt 0:00:01]} 4. Nxd4 {[%emt 0:00:17]} Nf6 {[%emt 0:00:04]} 5. Nc3 {[%emt 0:00:05]} a6 {[%emt 0:00:02]} 6. Be3 {[%emt 0:00:12]} e5 {[%emt 0:00:03]} 7. Nb3 {[%emt 0:00:02]} Be6 {[%emt 0:00:01]} 8. Qd2 {[%emt 0:00:05]} Nbd7 {[%emt 0:00:43]} 9. f3 {[%emt 0:00:17]} Be7 {[%emt 0:00:50]} 10. O-O-O {[%emt 0:00:08]} O-O {[%emt 0:00:01]} 11. g4 {[%emt 0:00:02]} b5 {[%emt 0:00:02]} 12. g5 {[%emt 0:00:06]} Nh5 {[%emt 0:00:01]} 13. Kb1 {[%emt 0:00:52]} Nb6 {[%emt 0:01:15]} 14. Nd5 {[%emt 0:00:33]} Nxd5 {[%emt 0:01:12]} 15. exd5 {[%emt 0:00:03]} Bd7 {[%emt 0:00:01]} 16. Na5 {[%emt 0:00:39]} Qc7 {[%emt 0:00:31]} 17. Bd3 {[%emt 0:00:34]} Rac8 {[%emt 0:02:26]} 18. Rhg1 {[%emt 0:00:43]} Bd8 {[%emt 0:00:27]} 19. Nc6 {[%emt 0:00:09]} g6 {[%emt 0:01:55]} 20. h4 {[%emt 0:01:02]} f5 {[%emt 0:01:52]} 21. gxf6 {[%emt 0:00:21]} Bxf6 {[%emt 0:00:02]} 22. Be4 {[%emt 0:01:38]} Kh8 {[%emt 0:00:32]} 23. Qd3 {[%emt 0:03:20]} Bg7 {[%emt 0:01:32]} 24. Rg2 {[%emt 0:03:35]} Nf6 {[%emt 0:01:54]} 25. h5 {[%emt 0:00:14]} Nxe4 {[%emt 0:00:20]} 26. fxe4 {[%emt 0:00:12]} gxh5 {[%emt 0:00:43]} 27. Ne7 {[%emt 0:01:40]} Rce8 {[%emt 0:00:20]} 28. Nf5 {[%emt 0:00:01]} Bxf5 {[%emt 0:00:03]} 29. exf5 {[%emt 0:00:01]} e4 {[%emt 0:00:01]} 30. Qf1 {[%emt 0:00:01]} Qc4 {[%emt 0:00:19]} 31. Qg1 {[%emt 0:00:16]} Be5 {[%emt 0:00:01]} 32. Rg5 {[%emt 0:00:11]} Qe2 {[%emt 0:00:06]} 33. Re1 {[%emt 0:00:06]} Qc4 {[%emt 0:00:05]} 34. Rxh5 {[%emt 0:00:05]} Qxd5 {[%emt 0:00:03]} 35. Qg6 {[%emt 0:00:06]} Rf7 {[%emt 0:00:07]} 36. Reh1 {[%emt 0:00:08]} Ree7 {[%emt 0:00:01]} 37. Bg5 {[%emt 0:00:05]} Rg7 {[%emt 0:00:05]} 38. Bxe7 {[%emt 0:00:06]} Rxg6 {[%emt 0:00:02]} 39. fxg6 {[%emt 0:00:06]} e3 {[%emt 0:00:09]} 40. Bf6+ {[%emt 0:00:04]} Kg8 {[%emt 0:00:11]} 41. gxh7+ {[%emt 0:00:02]} Kf7 {[%emt 0:00:01]} 42. h8=Q {[%emt 0:00:05]} e2 {[%emt 0:00:01]} 43. Qg7+ {[%emt 0:00:03]} Ke6 {[%emt 0:00:01]} 44. Qg8+ {[%emt 0:00:03]} Kxf6 {[%emt 0:00:03]} 45. Qxd5 {[%emt 0:00:01]} 1-0

[Event "European Online Club-ch-A 2021"]
[Site "Online"]
[Date "2021.03.27"]
[Round "4.1"]
[White "Horvath, Laszlo"]
[Black "Fitzsimons, David"]
[Result "1-0"]
[WhiteElo "2183"]
[BlackElo "2324"]
[Annotator "NA"]
[PlyCount "45"]
[EventDate "2021.03.27"]
[EventType "team-tourn"]
[EventCountry "NET"]
[SourceTitle "playchess.com"]
[Source "ChessBase"]
[SourceQuality "1"]
[TimeControl "900+5"]

1. e4 {[%emt 0:00:00]} g6 {[%emt 0:00:04]} 2. d4 {[%emt 0:00:06]} Bg7 {[%emt 0:00:01]} 3. Nf3 {[%emt 0:00:07]} c6 {[%emt 0:00:01]} 4. c3 {[%emt 0:00:03]} d5 {[%emt 0:00:02]} 5. e5 {[%emt 0:00:04]} f6 {[%emt 0:00:02]} 6. exf6 {[%emt 0:00:03]} Nxf6 {[%emt 0:00:02]} 7. Bd3 {[%emt 0:00:03]} O-O {[%emt 0:00:02]} 8. O-O {[%emt 0:00:21]} Bg4 {[%emt 0:00:23]} 9. Be3 {[%emt 0:00:10]} Nbd7 {[%emt 0:00:07]} 10. Nbd2 {[%emt 0:00:04]} e5 {[%emt 0:00:02]} 11. dxe5 {[%emt 0:00:02]} Nxe5 {[%emt 0:00:02]} 12. Be2 {[%emt 0:00:02]} Nxf3+ {[%emt 0:00:06]} 13. Bxf3 {[%emt 0:00:06]} Bxf3 {[%emt 0:00:04]} 14. Nxf3 {[%emt 0:00:03]} Qd6 {[%emt 0:00:02]} 15. h3 {[%emt 0:00:18]} Rae8 {[%emt 0:00:27]} 16. Qb3 {[%emt 0:00:28]} b6 {[%emt 0:00:09]} 17. c4 {[%emt 0:00:08]} c5 {[%emt 0:00:14]} 18. cxd5 {[%emt 0:00:05]} Qxd5 {[%emt 0:00:03]} 19. Qa4 {[%emt 0:00:42]} Qb7 {[%emt 0:00:19]} 20. Rad1 {[%emt 0:00:07]} Re4 {[%emt 0:00:21]} 21. Qb3+ {[%emt 0:00:03]} Kh8 {[%emt 0:00:16]} 22. Bxc5 {[%emt 0:00:14]} Nh5 {[%emt 0:00:51]} 23. Bxf8 {[%emt 0:00:08]} 1-0